Eran demasiados y otros relatos / (Record no. 195964)

MARC details
000 -LEADER
campo de control de longitud fija 01275nam a2200313 i 4500
001 - NÚMERO DE CONTROL
campo de control 195964
003 - IDENTIFICADOR DE NÚMERO DE CONTROL
campo de control ES-MaACL
005 - FECHA Y HORA DE LA ÚLTIMA TRANSACCIÓN
campo de control 20250412063057.0
008 - DATOS DE LONGITUD FIJA--INFORMACIÓN GENERAL
campo de control de longitud fija 240804s2023 sp ||||| |||| 00| 0 spa d
017 ## - NÚMERO DE COPYRIGHT O DE DEPÓSITO LEGAL
Número de copyright o de depósito legal AL 1077-2023
Agencia que asigna Oficina Depósito Legal Almería
020 ## - NÚMERO INTERNACIONAL ESTÁNDAR DEL LIBRO
Número Internacional Estándar del Libro 9788412490381
040 ## - FUENTE DE CATALOGACIÓN
Centro/agencia transcriptor Es-MaACL
100 ## - ENTRADA PRINCIPAL--NOMBRE DE PERSONA
9 (RLIN) 237594
Nombre de persona Cobo Minguela, Maribel
Término indicativo de función/relación Autor
245 ## - MENCIÓN DEL TÍTULO
Título Eran demasiados y otros relatos /
Mención de responsabilidad, etc. Maribel Cobo Minguela ; Marina Diez Minguela ; ilustración de cubierta de Sofía López Ayuso
250 ## - MENCION DE EDICION
Mención de edición Primera edición: abril de 2023
260 ## - PUBLICACIÓN, DISTRIBUCIÓN, ETC.
Lugar de publicación, distribución, etc. Almería :
Nombre del editor, distribuidor, etc. Hilatura estudio editorial,
Fecha de publicación, distribución, etc. 2023.
300 ## - DESCRIPCIÓN FÍSICA
Extensión 185 pág. :
Dimensiones 22 cm.
336 ## - TIPO DE CONTENIDO
Fuente rdacontent
Término de tipo de contenido Texto
337 ## - TIPO DE MEDIO
Fuente rdamedia
Nombre/término del tipo de medio sin mediación
338 ## - TIPO DE SOPORTE
Fuente rdacarrier
Nombre/término del tipo de soporte volumen
700 ## - ENTRADA AGREGADA--NOMBRE PERSONAL
Nombre de persona Diez Minguela, Marina
Término indicativo de función/relación Autor de introducción
9 (RLIN) 240019
700 ## - ENTRADA AGREGADA--NOMBRE PERSONAL
Nombre de persona López Ayuso, Sofía
Término indicativo de función/relación Ilustrador
9 (RLIN) 240020
852 ## - LOCALIZACIÓN
Ubicación ES-MaACL
Sublocalización o colección R.154476
Ubicación en estantería Depósito J
Número de control de estantería N-9094
Donativo/Legado Donación: Maribel Cobo Minguela
Encuadernación Encuadernación rústica con solapas
itemnumber 204996
Anotaciones manuscritas Dedicatoria autógrafa de la autora
903 ## - NOMBRE PERSONAL DE DONANTE
9 237594
a Cobo Minguela, Maribel
e Donante
942 ## - ELEMENTOS DE ENTRADA SECUNDARIOS (KOHA)
Tipo de ítem Koha Libro impreso
Suprimir en OPAC No
Holdings
Estatus retirado Estado de pérdida Fuente del sistema de clasificación o colocación Estado de daño No para préstamo Colección Biblioteca de origen Biblioteca actual Ubicación en estantería Fecha de adquisición Fuente de adquisición Total de préstamos Signatura topográfica completa Código de barras Visto por última vez Precio de reemplazo Tipo de ítem Koha
    Clasificación decimal universal     Libros con dedicatorias Biblioteca del Ateneo de Madrid Biblioteca del Ateneo de Madrid Depósito J 10/04/2025 Donación   N-9094 101229843 10/04/2025 10/04/2025 Libro impreso